000 00339nam a2200145Ia 4500
008 230917s9999||||xx |||||||||||||| ||und||
040 _e50334
_aMAIN
041 _aEnglish
082 _a823.7 G212W
100 _aGaskell
245 0 _aWives and daughters
260 _aLondon
_bJM Dent and Sons
_c1973
300 _a622 p.
942 _cBK
999 _c180574
_d180574